Guia dels arxius històrics de Catalunya, 4
Descripción Física:
1 v. ; 18 cm
Materias:
Arxius -- Catalunya -- Guies
MARC
| LEADER | 00000nam a2200000Ia 4500 | ||
|---|---|---|---|
| 001 | 9382 | ||
| 008 | 160829s1990 xx 000 0 cat d | ||
| 080 | |a A-2-49 | ||
| 245 | |a Guia dels arxius històrics de Catalunya, 4 | ||
| 260 | |a Barcelona : |b Generalitat de Catalunya. Departament de Cultura, |c 1990 | ||
| 300 | |a 1 v. ; |c 18 cm | ||
| 590 | |a Inclou: Arxiu Històric Comarcal de Reus, Cartoteca de Catalunya, Arxiu Històric de la Ciutat de Manresa, Arxiu de la Paeria de Lleida, primera guia de l'Arxiu Històric de Sabadell, Arxiu Municipal i Històric Sant Cugat del Vallès, Arxiu Històric Municipal de Vic, Arxiu Municipal de Viladecans, Arxiu Històric Municipal de Vilanova i la Geltrú. | ||
| 590 | |a A la part superior de la portada: Direcció General del Patrimoni Escrit i Documental. Servei d'Arxius | ||
| 650 | |a Arxius |x Catalunya |x Guies |9 35581 | ||
| 710 | 2 | |a Catalunya. |b Departament de Cultura |9 52819 | |
| 710 | 1 | |a Catalunya. |b Servei d'Arxius |9 2924 | |
| 901 | |a Arxiu | ||
| 942 | |n 1 | ||
| 952 | |0 0 |1 0 |4 0 |6 A249 |7 1 |9 46971 |a Arxiu |b Arxiu |d 2016-12-01 |l 0 |o A-2-49 |p 9382 |r 2016-12-01 00:00:00 |w 2016-12-01 |y ARXIU | ||
| 999 | |c 50764 |d 50764 | ||